[Event "HUN-chT2 Erkel 1819"]
[Site "Hungary"]
[Date "2019.01.27"]
[Round "4.1"]
[White "Szabolcsi, Janos"]
[Black "Szieberth, Adam"]
[Result "1-0"]
[WhiteElo "2295"]
[BlackElo "2301"]
[PlyCount "85"]
[EventDate "2018.10.28"]
[EventType "team-tourn"]
[EventRounds "9"]
[EventCountry "HUN"]
[SourceTitle "EXT 2021"]
[Source "ChessBase"]
[SourceDate "2020.10.23"]
[SourceVersion "1"]
[SourceVersionDate "2020.10.23"]
[SourceQuality "1"]
[WhiteTeam "Budapest MTK II"]
[BlackTeam "Sarkany DSE"]
[WhiteTeamCountry "HUN"]
[BlackTeamCountry "HUN"]

1. d4 e6 2. c4 Bb4+ 3. Nd2 d5 4. e3 Nf6 5. Ngf3 0-0 6. Qc2 dxc4 7. Bxc4 Nc6 8. 0-0 Bd6 9. e4 e5 10. dxe5 Bxe5 11. Nxe5 Nxe5 12. Be2 Bg4 13. f3 Qd4+ 14. Kh1 Be6 15. Nb3 Qb6 16. Bd2 Nc6 17. Qc3 Bxb3 18. Be3 Qb4 19. axb3 Rfd8 20. Rfc1 Rd7 21. Ra4 Qxc3 22. Rxc3 Rad8 23. Kg1 a6 24. Bxa6 bxa6 25. Rxc6 Rd3 26. Rc3 Rd1+ 27. Kf2 Rb1 28. Bc1 Rd1 29. Rxa6 Ne8 30. Rac6 f6 31. Rc2 Kf7 32. Ke2 Rg1 33. Kd3 Rd1+ 34. Bd2 Rg1 35. Ba5 Rbd1+ 36. Ke3 g5 37. Bxc7 Rde1+ 38. Kd3 Rd1+ 39. Kc4 Rc1 40. Kb5 Rxc2 41. Rxc2 Nxc7+ 42. Rxc7+ Ke6 43. Rc2 1-0

[Event "Budapest Spring op"]
[Site "Budapest"]
[Date "2018.04.23"]
[Round "6"]
[White "Szieberth, Adam"]
[Black "Henderson de la Fuente, Lance"]
[Result "0-1"]
[WhiteElo "2298"]
[BlackElo "2459"]
[PlyCount "106"]
[EventDate "2018.04.18"]
[EventType "swiss"]
[EventRounds "9"]
[EventCountry "HUN"]
[SourceTitle "CBM 184 Extra"]
[Source "ChessBase"]
[SourceDate "2018.06.28"]
[SourceVersion "1"]
[SourceVersionDate "2018.06.28"]
[SourceQuality "1"]

1. Nf3 d5 2. b3 Nf6 3. Bb2 e6 4. g3 Be7 5. Bg2 0-0 6. 0-0 c5 7. d3 Nc6 8. Nbd2 b6 9. e4 Bb7 10. e5 Nd7 11. Re1 Qc7 12. a3 d4 13. Qe2 Rfd8 14. h4 b5 15. Nf1 Nb6 16. N1h2 Bf8 17. Ng4 Nd5 18. Ng5 h6 19. Nh3 c4 20. Bc1 Nce7 21. dxc4 Nc3 22. Qd3 Bxg2 23. Kxg2 bxc4 24. bxc4 Rac8 25. Bxh6 Qxc4 26. Bg5 Na4 27. Re2 Qxd3 28. cxd3 Rc3 29. Nf4 Rb8 30. h5 Nf5 31. Rh1 Nh6 32. Bxh6 gxh6 33. Nf6+ Kh8 34. Nd7 Rd8 35. Nxf8 Rxf8 36. Rb1 Nc5 37. Rb4 Rd8 38. Rc4 Nxd3 39. Rxc3 Nxf4+ 40. gxf4 dxc3 41. Rc2 Rc8 42. Kf3 Rc4 43. Ke3 Kg7 44. Kd3 Rxf4 45. Ke3 Rf5 46. Ke4 f6 47. f4 fxe5 48. fxe5 Rxh5 49. Kd4 Rh3 50. Kc5 Kg6 51. Kd6 Kf5 52. Rf2+ Ke4 53. Kxe6 Kd3 0-1

[Event "HUN-chT2 Erkel 1718"]
[Site "Hungary"]
[Date "2018.02.18"]
[Round "8.1"]
[White "Bohati, Tamas"]
[Black "Szieberth, Adam"]
[Result "1-0"]
[WhiteElo "2268"]
[BlackElo "2302"]
[PlyCount "88"]
[EventDate "2017.09.24"]
[EventType "team-tourn"]
[EventRounds "11"]
[EventCountry "HUN"]
[SourceTitle "EXT 2021"]
[Source "ChessBase"]
[SourceDate "2020.10.23"]
[SourceVersion "1"]
[SourceVersionDate "2020.10.23"]
[SourceQuality "1"]
[WhiteTeam "Gyongyos Energia"]
[BlackTeam "Sarkany DSE"]
[WhiteTeamCountry "HUN"]
[BlackTeamCountry "HUN"]

1. d4 e6 2. c4 b6 3. Nc3 Bb7 4. Qc2 Nf6 5. e4 d5 6. cxd5 exd5 7. e5 Ne4 8. Bd3 Nc6 9. Nge2 Nb4 10. Qb1 Nxc3 11. bxc3 Nxd3+ 12. Qxd3 a5 13. 0-0 Ba6 14. Qf3 Be7 15. Re1 Bxe2 16. Rxe2 0-0 17. a4 Qd7 18. Qd3 c5 19. Rb2 Qe6 20. Rab1 Rab8 21. Be3 c4 22. Qe2 Bd8 23. Rb5 Bc7 24. Qf3 Rbd8 25. Bg5 Rd7 26. Bh4 h6 27. Qh5 g5 28. Bg3 f5 29. exf6 Qxf6 30. f3 Bxg3 31. hxg3 Rd6 32. Re1 Re6 33. Rbb1 Rf7 34. Kh2 Rfe7 35. Rxe6 Rxe6 36. Rb5 Qf5 37. Qh3 g4 38. fxg4 Qf1 39. g5 Re1 40. Qc8+ Kh7 41. g6+ Kxg6 42. Rxb6+ Kf7 43. Qd7+ Re7 44. Qxd5+ Kg7 1-0

[Event "HUN-chT2 Maroczy 1516"]
[Site "Hungary"]
[Date "2016.03.20"]
[Round "7.1"]
[White "Fodor, Istvan"]
[Black "Szieberth, Adam"]
[Result "1-0"]
[WhiteElo "2338"]
[BlackElo "2312"]
[PlyCount "121"]
[EventDate "2015.10.18"]
[EventType "team-tourn"]
[EventRounds "9"]
[EventCountry "HUN"]
[SourceTitle "EXT 2017"]
[Source "ChessBase"]
[SourceDate "2016.10.25"]
[SourceVersion "1"]
[SourceVersionDate "2016.10.25"]
[SourceQuality "1"]
[WhiteTeam "Vasas"]
[BlackTeam "MLTC"]
[WhiteTeamCountry "HUN"]
[BlackTeamCountry "HUN"]

1. c4 Nf6 2. Nc3 e6 3. Nf3 b6 4. g3 Bb7 5. Bg2 Be7 6. 0-0 0-0 7. Re1 d5 8. cxd5 exd5 9. d4 Nbd7 10. Ne5 Nxe5 11. dxe5 Ne4 12. Nxe4 dxe4 13. Qc2 Qd5 14. Rd1 Qxe5 15. Bf4 Qe6 16. Qxc7 Ba6 17. Qd7 Bxe2 18. Qxe6 fxe6 19. Bxe4 Bxd1 20. Bxa8 Bg4 21. Be4 Bf6 22. Rc1 Bxb2 23. Rc7 a5 24. Be3 b5 25. Rc5 Bf5 26. Bc6 b4 27. Rxa5 Rc8 28. Bf3 Kf7 29. h4 Rc7 30. Ra8 e5 31. Ra5 Be6 32. Bd5 Bxd5 33. Rxd5 Ke6 34. Rb5 Rc4 35. Rc5 Rc3 36. Kf1 Ra3 37. Rb5 Bc3 38. Bc5 Ra4 39. Bf8 g6 40. Kg2 Kf5 41. Rb7 e4 42. Rb5+ Ke6 43. g4 Rxa2 44. Bxb4 Bd4 45. Rb7 Rxf2+ 46. Kg3 e3 47. g5 Be5+ 48. Kh3 Rb2 49. Re7+ Kf5 50. Rxe5+ Kxe5 51. Bc3+ Ke4 52. Bxb2 Kf3 53. Bc3 Kf4 54. Kg2 Kg4 55. Be1 Kh5 56. Kf3 h6 57. gxh6 Kxh6 58. Kg4 Kg7 59. Kg5 Kf7 60. Bc3 e2 61. Kh6 1-0

[Event "HUN-chT 1415"]
[Site "Hungary"]
[Date "2015.04.26"]
[Round "9.1"]
[White "Szieberth, Adam"]
[Black "Lantos, Attila"]
[Result "1/2-1/2"]
[WhiteElo "2324"]
[BlackElo "2028"]
[PlyCount "83"]
[EventDate "2014.10.12"]
[EventType "team-tourn"]
[EventRounds "9"]
[EventCountry "HUN"]
[SourceTitle "EXT 2016"]
[Source "ChessBase"]
[SourceDate "2015.10.08"]
[SourceVersion "1"]
[SourceVersionDate "2015.10.08"]
[SourceQuality "1"]
[WhiteTeam "MLTC"]
[BlackTeam "Szigetszentmiklos"]
[WhiteTeamCountry "HUN"]
[BlackTeamCountry "HUN"]

1. e4 c5 2. Nf3 e6 3. b3 Qc7 4. Bb2 a6 5. c4 d6 6. d4 b6 7. Bd3 Bb7 8. 0-0 Nf6 9. d5 e5 10. Nc3 g6 11. Ne2 Bc8 12. h3 Bg7 13. Qd2 Nh5 14. Nh2 Qe7 15. f4 Nd7 16. Nf3 0-0 17. g4 Nxf4 18. Nxf4 exf4 19. Bxg7 Kxg7 20. Qxf4 f6 21. Kg2 Bb7 22. h4 Rae8 23. Rab1 a5 24. a3 Bc8 25. g5 Ne5 26. Nxe5 fxe5 27. Qg3 Rxf1 28. Rxf1 Rf8 29. Be2 Rxf1 30. Kxf1 Qd7 31. Ke1 Qe7 32. Bg4 Bd7 33. Bxd7 Qxd7 34. Qf3 Qe7 35. Qg4 h5 36. gxh6+ Kxh6 37. Ke2 Qf6 38. Ke1 Qe7 39. Kf2 Qf6+ 40. Kg2 Qe7 41. Kg3 Qf6 42. Kg2 1/2-1/2

[Event "HUN-chT 1415"]
[Site "Hungary"]
[Date "2014.11.30"]
[Round "3.4"]
[White "Szieberth, Adam"]
[Black "Szuk, Balazs"]
[Result "1/2-1/2"]
[WhiteElo "2324"]
[BlackElo "2371"]
[PlyCount "30"]
[EventDate "2014.10.12"]
[EventType "team-tourn"]
[EventRounds "9"]
[EventCountry "HUN"]
[SourceTitle "CBM 163 Extra"]
[Source "ChessBase"]
[SourceDate "2014.12.23"]
[SourceVersion "1"]
[SourceVersionDate "2014.12.23"]
[SourceQuality "1"]
[WhiteTeam "MLTC"]
[BlackTeam "Penzugyor"]
[WhiteTeamCountry "HUN"]
[BlackTeamCountry "HUN"]

1. e4 c5 2. Nf3 e6 3. b3 a6 4. Bb2 b5 5. c4 bxc4 6. Bxc4 Bb7 7. Nc3 Nf6 8. Qe2 Be7 9. e5 Ng4 10. Ne4 0-0 11. h3 Nh6 12. Bd3 Nc6 13. Rc1 Nb4 14. Bb1 Rc8 15. Ng3 f5 1/2-1/2

[Event "HUN-chT 1415"]
[Site "Hungary"]
[Date "2014.10.12"]
[Round "1.5"]
[White "Papp, Petra"]
[Black "Szieberth, Adam"]
[Result "1/2-1/2"]
[WhiteElo "2257"]
[BlackElo "2324"]
[PlyCount "122"]
[EventDate "2014.10.12"]
[EventType "team-tourn"]
[EventRounds "9"]
[EventCountry "HUN"]
[SourceTitle "EXT 2015"]
[Source "ChessBase"]
[SourceDate "2014.11.20"]
[SourceVersion "1"]
[SourceVersionDate "2014.11.20"]
[SourceQuality "1"]
[WhiteTeam "Budapest Titanok"]
[BlackTeam "MLTC"]
[WhiteTeamCountry "HUN"]
[BlackTeamCountry "HUN"]

1. e4 e5 2. Nf3 d6 3. d4 exd4 4. Nxd4 Nf6 5. Nc3 Be7 6. g3 Bg4 7. f3 Bd7 8. Bf4 a6 9. g4 Nc6 10. Qd2 Ne5 11. Be2 b5 12. a3 c5 13. Nf5 Bxf5 14. exf5 Nc6 15. 0-0-0 Nd4 16. Be3 b4 17. axb4 Nxe2+ 18. Nxe2 cxb4 19. Qxb4 Nd7 20. Nc3 0-0 21. Nd5 Rb8 22. Qc3 Nf6 23. Qc7 Qxc7 24. Nxc7 Rb7 25. Nd5 Nxd5 26. Rxd5 Bf6 27. Bd4 Rfb8 28. Bxf6 gxf6 29. Rxd6 Rxb2 30. Rd8+ Kg7 31. Rxb8 Rxb8 32. c3 Rc8 33. Kd2 h5 34. Ra1 Rc6 35. Kd3 Rd6+ 36. Ke3 Rc6 37. Rc1 Rc4 38. Kd3 Rf4 39. Ke3 Rc4 40. gxh5 Rh4 41. c4 Kf8 42. c5 Ke7 43. c6 Kd8 44. c7+ Kc8 45. Rc6 Rxh5 46. Rxa6 Kxc7 47. Ra2 Rxf5 48. Rd2 Rh5 49. Kf4 Kc6 50. Kg4 Ra5 51. Kh4 Rf5 52. Rd3 Kc5 53. h3 Kc4 54. Re3 Kd4 55. Re4+ Kd5 56. Kg3 Rg5+ 57. Rg4 Ke6 58. h4 Rh5 59. Ra4 f5 60. Ra6+ Ke7 61. Ra7+ Kf6 1/2-1/2

[Event "HUN-chT 1314"]
[Site "Hungary"]
[Date "2014.04.27"]
[Round "9"]
[White "Szieberth, Adam"]
[Black "Juhasz, Barbara"]
[Result "1-0"]
[WhiteElo "2326"]
[BlackElo "2169"]
[PlyCount "65"]
[EventDate "2013.09.08"]
[EventType "team-tourn"]
[EventRounds "9"]
[EventCountry "HUN"]
[SourceTitle "EXT 2015"]
[Source "ChessBase"]
[SourceDate "2014.11.20"]
[SourceVersion "1"]
[SourceVersionDate "2014.11.20"]
[SourceQuality "1"]
[WhiteTeam "MLTC"]
[BlackTeam "Mako"]
[WhiteTeamCountry "HUN"]
[BlackTeamCountry "HUN"]

1. e4 e5 2. Bc4 Nf6 3. d3 Nc6 4. Nf3 Be7 5. Nc3 d6 6. h3 Na5 7. Be3 0-0 8. Qe2 c6 9. Bd2 Nxc4 10. dxc4 Qc7 11. g4 Be6 12. Ng5 Nd7 13. h4 a6 14. 0-0-0 b5 15. Nxe6 fxe6 16. g5 Nb6 17. Qg4 Nxc4 18. Qxe6+ Kh8 19. Be1 Rae8 20. Qh3 Qc8 21. Ne2 Qxh3 22. Rxh3 Nb6 23. f4 d5 24. fxe5 Bc5 25. Rc3 Nc4 26. exd5 Rxe5 27. Ng3 cxd5 28. Rcd3 d4 29. c3 dxc3 30. Bxc3 Re3 31. Nh5 Ne5 32. Rxe3 Bxe3+ 33. Kb1 1-0

[Event "HUN-chT 1314"]
[Site "Hungary"]
[Date "2014.04.13"]
[Round "8"]
[White "Szieberth, Adam"]
[Black "Kiss, Emese"]
[Result "1/2-1/2"]
[WhiteElo "2326"]
[BlackElo "2101"]
[PlyCount "151"]
[EventDate "2013.09.08"]
[EventType "team-tourn"]
[EventRounds "9"]
[EventCountry "HUN"]
[SourceTitle "EXT 2015"]
[Source "ChessBase"]
[SourceDate "2014.11.20"]
[SourceVersion "1"]
[SourceVersionDate "2014.11.20"]
[SourceQuality "1"]
[WhiteTeam "MLTC"]
[BlackTeam "Penzugyor"]
[WhiteTeamCountry "HUN"]
[BlackTeamCountry "HUN"]

1. e4 c5 2. Nf3 d6 3. d4 cxd4 4. Qxd4 Nc6 5. Bb5 Bd7 6. Bxc6 Bxc6 7. Bg5 Nf6 8. Bxf6 gxf6 9. Nc3 e6 10. 0-0 Be7 11. Rad1 Qa5 12. b4 Qc7 13. Rfe1 a6 14. Re3 b5 15. Nd5 Bxd5 16. exd5 e5 17. Rc3 Qd7 18. Qb6 Bd8 19. Qc6 Qxc6 20. dxc6 Bc7 21. Nh4 Ke7 22. Nf5+ Ke6 23. Ng7+ Ke7 24. Rcd3 Rhd8 25. g4 a5 26. Nf5+ Ke6 27. Ne3 Ra6 28. Nd5 Rxc6 29. Rf3 Rf8 30. Rxf6+ Kd7 31. c3 axb4 32. cxb4 Ra6 33. Nc3 Rb6 34. Rd3 Bd8 35. Rh6 Rg8 36. h3 Rg7 37. Nxb5 Rxb5 38. Rhxd6+ Ke7 39. Rxd8 Rxb4 40. R8d7+ Kf6 41. R3d6+ Kg5 42. Re7 Rb5 43. Rdd7 Kf6 44. Re8 h5 45. f3 Kg5 46. Rd2 Kf4 47. Kf2 hxg4 48. hxg4 Rh7 49. Kg2 Rb1 50. Re2 f6 51. Re4+ Kg5 52. Rg8+ Kh6 53. a4 Ra7 54. Rc8 Ra1 55. Rcc4 Kg5 56. Rb4 Ra2+ 57. Kg3 Ra3 58. Rec4 Ra8 59. Kf2 Rd8 60. f4+ exf4 61. Rxf4 Rd2+ 62. Kg1 Ra1+ 63. Rf1 Raa2 64. Rc1 Rg2+ 65. Kh1 Rh2+ 66. Kg1 Rhg2+ 67. Kh1 Rxg4 68. Rxg4+ Kxg4 69. Rc4+ Kg5 70. Kg1 f5 71. Kf1 f4 72. Rb4 Kg4 73. Rb3 Rxa4 74. Kf2 Ra2+ 75. Kf1 Rh2 76. Kg1 1/2-1/2

[Event "HUN-chT 1314"]
[Site "Hungary"]
[Date "2014.03.23"]
[Round "7"]
[White "Manyoki, Anna"]
[Black "Szieberth, Adam"]
[Result "0-1"]
[WhiteElo "1978"]
[BlackElo "2326"]
[PlyCount "110"]
[EventDate "2013.09.08"]
[EventType "team-tourn"]
[EventRounds "9"]
[EventCountry "HUN"]
[SourceTitle "EXT 2015"]
[Source "ChessBase"]
[SourceDate "2014.11.20"]
[SourceVersion "1"]
[SourceVersionDate "2014.11.20"]
[SourceQuality "1"]
[WhiteTeam "Dunaharaszti"]
[BlackTeam "MLTC"]
[WhiteTeamCountry "HUN"]
[BlackTeamCountry "HUN"]

1. e4 c5 2. Nf3 e6 3. c3 d5 4. exd5 exd5 5. d4 c4 6. b3 cxb3 7. axb3 Nf6 8. Bd3 Be7 9. 0-0 Bg4 10. h3 Bh5 11. Nbd2 0-0 12. Qc2 Nc6 13. Ne5 Bg6 14. Ndf3 Nxe5 15. Nxe5 Qc7 16. Bg5 Bxd3 17. Qxd3 a6 18. Rfe1 Rae8 19. Bxf6 Bxf6 20. Ng4 Bg5 21. Ne3 Qc6 22. Ra5 Bxe3 23. Rxe3 Rxe3 24. Qxe3 Re8 25. Qd2 h6 26. Ra1 Qb5 27. Re1 Rxe1+ 28. Qxe1 Qxb3 29. Qe8+ Kh7 30. Qxf7 Qb1+ 31. Kh2 Qe4 32. Qxb7 a5 33. Qb5 Qf4+ 34. Kg1 Qc1+ 35. Kh2 Qxc3 36. Qxd5 Qc7+ 37. Kg1 a4 38. Qe4+ g6 39. h4 h5 40. g4 a3 41. gxh5 Qf7 42. Kh1 a2 43. hxg6+ Qxg6 44. Qe7+ Kg8 45. Qd8+ Kg7 46. Qe7+ Kg8 47. Qd8+ Kg7 48. Qe7+ Qf7 49. Qe5+ Qf6 50. Qg3+ Kh7 51. Qc7+ Kh6 52. Qc1+ Kh5 53. Qb2 Qa6 54. Qa1 Qb7+ 55. Kh2 Qb1 0-1

[Event "HUN-chT 1314"]
[Site "Hungary"]
[Date "2014.03.02"]
[Round "6"]
[White "Szieberth, Adam"]
[Black "Nemeth, Zoltan"]
[Result "1-0"]
[WhiteElo "2326"]
[BlackElo "2330"]
[PlyCount "89"]
[EventDate "2013.09.08"]
[EventType "team-tourn"]
[EventRounds "9"]
[EventCountry "HUN"]
[SourceTitle "EXT 2015"]
[Source "ChessBase"]
[SourceDate "2014.11.20"]
[SourceVersion "1"]
[SourceVersionDate "2014.11.20"]
[SourceQuality "1"]
[WhiteTeam "MLTC"]
[BlackTeam "Budapest Titanok"]
[WhiteTeamCountry "HUN"]
[BlackTeamCountry "HUN"]

1. e4 e5 2. Nf3 d6 3. d4 Bg4 4. dxe5 Bxf3 5. Qxf3 dxe5 6. Bc4 Qd7 7. 0-0 Nc6 8. Nc3 Bd6 9. Nb5 Nf6 10. Bg5 a6 11. Nxd6+ Qxd6 12. Rad1 Qe7 13. Qf5 0-0 14. Bxf6 Qxf6 15. Rd7 Qxf5 16. exf5 Rac8 17. Bd5 Rfd8 18. Bxc6 bxc6 19. Rfd1 Rxd7 20. Rxd7 Kf8 21. Kf1 Ke8 22. Rd3 Rb8 23. b3 Ke7 24. Ke2 g6 25. g4 gxf5 26. gxf5 h5 27. Rh3 Rh8 28. Kd3 h4 29. Ke4 f6 30. f4 exf4 31. Kxf4 Rg8 32. Rxh4 Rg2 33. Rh7+ Kd8 34. h4 Rxc2 35. Rf7 Rf2+ 36. Kg4 Rxa2 37. Rxf6 Kd7 38. h5 a5 39. h6 a4 40. bxa4 Rxa4+ 41. Kg5 Ke7 42. h7 Ra8 43. Kg6 Rh8 44. Rf7+ Ke8 45. Rxc7 1-0

[Event "HUN-chT 1213"]
[Site "Hungary"]
[Date "2013.04.21"]
[Round "9"]
[White "Szabo, Bence"]
[Black "Szieberth, Adam"]
[Result "0-1"]
[WhiteElo "2348"]
[BlackElo "2341"]
[PlyCount "112"]
[EventDate "2012.09.16"]
[EventType "team-tourn"]
[EventRounds "9"]
[EventCountry "HUN"]
[SourceTitle "EXT 2014"]
[Source "ChessBase"]
[SourceDate "2013.11.20"]
[SourceVersion "1"]
[SourceVersionDate "2013.11.20"]
[SourceQuality "1"]
[WhiteTeam "Paks"]
[BlackTeam "MLTC"]
[WhiteTeamCountry "HUN"]
[BlackTeamCountry "HUN"]

1. Nf3 e6 2. c4 Nf6 3. Nc3 c5 4. g3 Be7 5. Bg2 0-0 6. 0-0 d5 7. cxd5 exd5 8. d4 c4 9. Ne5 Nc6 10. Bg5 h6 11. Bxf6 Bxf6 12. Bxd5 Bxe5 13. dxe5 Bh3 14. Re1 Nxe5 15. Qd4 Re8 16. Rad1 Qe7 17. f4 Nc6 18. Qf2 Nb4 19. Rc1 Rac8 20. Bf3 b6 21. Red1 Be6 22. a3 Na6 23. Nb5 Red8 24. Nd4 Nc5 25. f5 Bd7 26. g4 Na4 27. Rc2 b5 28. h3 a5 29. Kg2 b4 30. axb4 axb4 31. Rdc1 c3 32. bxc3 Rxc3 33. Rxc3 Nxc3 34. Ra1 Ba4 35. Rxa4 Nxa4 36. Nc6 Qd6 37. Nxd8 Qxd8 38. Qa7 Nc3 39. Qb7 Qd4 40. h4 Nd1 41. g5 Ne3+ 42. Kh3 hxg5 43. hxg5 Qc5 44. Qa8+ Kh7 45. g6+ fxg6 46. fxg6+ Kxg6 47. Qe8+ Kf6 48. Qd8+ Kf7 49. Qd7+ Qe7 50. Bh5+ Kf6 51. Qd4+ Qe5 52. Qd8+ Kf5 53. Bf3 Qe6 54. Qd3+ Kf4+ 55. Kh2 Qh6+ 56. Kg1 Kg3 0-1

[Event "HUN-chT 1112"]
[Site "Hungary"]
[Date "2011.10.30"]
[Round "2"]
[White "Csiszar, Zoltan"]
[Black "Szieberth, Adam"]
[Result "0-1"]
[WhiteElo "2272"]
[BlackElo "2347"]
[PlyCount "160"]
[EventDate "2011.09.25"]
[EventType "team-tourn"]
[EventRounds "11"]
[EventCountry "HUN"]
[SourceTitle "EXT 2012"]
[Source "ChessBase"]
[SourceDate "2011.11.24"]
[SourceVersion "1"]
[SourceVersionDate "2011.11.24"]
[SourceQuality "1"]
[WhiteTeam "Csuti"]
[BlackTeam "MLTC"]
[WhiteTeamCountry "HUN"]
[BlackTeamCountry "HUN"]

1. d4 Nf6 2. c4 c5 3. d5 e6 4. Nc3 exd5 5. cxd5 d6 6. Nf3 a6 7. a4 g6 8. Nd2 Nbd7 9. e4 Bg7 10. Be2 0-0 11. 0-0 Re8 12. Qc2 Rb8 13. Re1 Ne5 14. h3 g5 15. Nf1 g4 16. hxg4 Nfxg4 17. f3 Nh6 18. Be3 f5 19. Qd2 Qf6 20. Ng3 Qg6 21. Bf4 Bd7 22. Kf2 Rf8 23. Rh1 fxe4 24. Ncxe4 Neg4+ 25. Ke1 Rxf4 26. Qxf4 Be5 27. Qd2 Nh2 28. f4 Nf5 29. Bh5 Qg7 30. fxe5 Nxg3 31. Nf6+ Kh8 32. Rxh2 Rf8 33. Bf3 Bf5 34. Nh5 Qxe5+ 35. Kd1 Nf1 36. Qc3 Qxc3 37. bxc3 Nxh2 38. Ke2 Bg6 39. Ng3 Re8+ 40. Kd2 Nxf3+ 41. gxf3 Kg7 42. f4 h5 43. Rh1 Rh8 44. Rh4 Kh6 45. a5 b5 46. axb6 Rb8 47. f5 Bf7 48. c4 Kg5 49. Rh1 Rxb6 50. Kc3 Kg4 51. Ne4 Kxf5 52. Rf1+ Kxe4 53. Rxf7 Rb1 54. Rf6 Rc1+ 55. Kb3 Ke5 56. Rh6 Rh1 57. Re6+ Kd4 58. Rxd6 Rh3+ 59. Kb2 Kxc4 60. Rd8 Rh2+ 61. Kb1 Kc3 62. d6 Rh1+ 63. Ka2 Rd1 64. Rh8 Rxd6 65. Rxh5 c4 66. Rh4 Rd2+ 67. Kb1 Rd1+ 68. Ka2 Kd3 69. Rh8 c3 70. Rh3+ Kc2 71. Rh2+ Rd2 72. Rh3 Kc1+ 73. Kb3 c2 74. Rh1+ Rd1 75. Rh2 Rd3+ 76. Ka2 Rd5 77. Rh1+ Rd1 78. Rh2 Re1 79. Kb3 Re3+ 80. Ka2 Kd1 0-1

[Event "HUN-chT 1011"]
[Site "Hungary"]
[Date "2011.05.15"]
[Round "11"]
[White "Szieberth, Adam"]
[Black "Metaxasz, Vaszilisz"]
[Result "1-0"]
[WhiteElo "2320"]
[BlackElo "2140"]
[PlyCount "87"]
[EventDate "2010.10.10"]
[EventType "team-tourn"]
[EventRounds "11"]
[EventCountry "HUN"]
[SourceTitle "EXT 2012"]
[Source "ChessBase"]
[SourceDate "2011.11.24"]
[SourceVersion "1"]
[SourceVersionDate "2011.11.24"]
[SourceQuality "1"]
[WhiteTeam "MLTC"]
[BlackTeam "Taban Spartacus"]
[WhiteTeamCountry "HUN"]
[BlackTeamCountry "HUN"]

1. e4 e5 2. Nf3 Nc6 3. c3 d6 4. d4 Be7 5. Bb5 Bd7 6. d5 Nb8 7. Bd3 Bg4 8. Be3 Nf6 9. Nbd2 0-0 10. h3 Bh5 11. Qb3 b6 12. Qc2 c6 13. c4 Qc7 14. Nh4 Bg6 15. Nxg6 hxg6 16. 0-0 Nbd7 17. Rfc1 Nh5 18. g3 c5 19. Kh2 Qd8 20. Nf3 g5 21. Rg1 g6 22. Qd2 f6 23. Kg2 Rf7 24. Be2 Nf8 25. Nh2 Ng7 26. Ng4 Kh7 27. f4 exf4 28. gxf4 gxf4 29. Bxf4 g5 30. Bg3 Ng6 31. h4 f5 32. h5 Nh4+ 33. Bxh4 fxg4 34. Bg3 Nxh5 35. Rh1 Kg6 36. Rxh5 Kxh5 37. Bxg4+ Kg6 38. Rh1 Bf6 39. Bh5+ Kg7 40. e5 dxe5 41. Bxf7 Kxf7 42. Qd3 Qc8 43. Qh7+ Ke8 44. Qg6+ 1-0

[Event "HUN-chT 1011"]
[Site "Hungary"]
[Date "2011.04.17"]
[Round "9"]
[White "Szieberth, Adam"]
[Black "Prohaszka, Peter"]
[Result "1/2-1/2"]
[WhiteElo "2320"]
[BlackElo "2529"]
[PlyCount "53"]
[EventDate "2010.10.10"]
[EventType "team-tourn"]
[EventRounds "11"]
[EventCountry "HUN"]
[SourceTitle "EXT 2012"]
[Source "ChessBase"]
[SourceDate "2011.11.24"]
[SourceVersion "1"]
[SourceVersionDate "2011.11.24"]
[SourceQuality "1"]
[WhiteTeam "MLTC"]
[BlackTeam "Aquaprofit"]
[WhiteTeamCountry "HUN"]
[BlackTeamCountry "HUN"]

1. e4 c6 2. Nf3 d5 3. exd5 cxd5 4. Be2 Nc6 5. d4 g6 6. 0-0 Bg7 7. h3 Nf6 8. c3 Qc7 9. Be3 0-0 10. Qc1 Re8 11. Na3 Bf5 12. Bf4 Qb6 13. Ne5 Rac8 14. Nxc6 bxc6 15. Nc2 Ne4 16. Ne3 Be6 17. Ng4 c5 18. dxc5 Qxc5 19. Ba6 Rc6 20. Bd3 Bf5 21. Be3 Qa5 22. Qd1 Rb8 23. Qe2 Nd6 24. Bxf5 Nxf5 25. Bf4 Qb5 26. Qxb5 Rxb5 27. Rad1 1/2-1/2

[Event "HUN-chT 1011"]
[Site "Hungary"]
[Date "2011.02.20"]
[Round "6"]
[White "Rigo, Janos"]
[Black "Szieberth, Adam"]
[Result "0-1"]
[WhiteElo "2313"]
[BlackElo "2320"]
[PlyCount "126"]
[EventDate "2010.10.10"]
[EventType "team-tourn"]
[EventRounds "11"]
[EventCountry "HUN"]
[SourceTitle "EXT 2012"]
[Source "ChessBase"]
[SourceDate "2011.11.24"]
[SourceVersion "1"]
[SourceVersionDate "2011.11.24"]
[SourceQuality "1"]
[WhiteTeam "Honved"]
[BlackTeam "MLTC"]
[WhiteTeamCountry "HUN"]
[BlackTeamCountry "HUN"]

1. e4 c5 2. Nf3 e6 3. d4 cxd4 4. Nxd4 a6 5. Bd3 Bc5 6. Nb3 Be7 7. f4 d6 8. Be3 Bh4+ 9. g3 Bf6 10. N1d2 Qc7 11. Nc4 Nd7 12. Be2 Be7 13. Bd4 e5 14. Bf2 Ngf6 15. Qd3 b5 16. Ne3 Bb7 17. Bf3 0-0 18. 0-0 exf4 19. gxf4 Rfe8 20. Nf5 Bf8 21. Ng3 Nc5 22. Nxc5 dxc5 23. e5 c4 24. Qe2 Nd5 25. Qe4 Rab8 26. Qf5 g6 27. Qg4 Bc8 28. f5 Rxe5 29. Rae1 Bxf5 30. Qd4 Rxe1 31. Rxe1 Ne7 32. c3 Bg7 33. Qh4 Be6 34. Ne4 Nf5 35. Nf6+ Bxf6 36. Qxf6 Qe7 37. Qe5 Rd8 38. Be4 Rd2 39. Bxf5 Qg5+ 40. Bg3 Qxf5 41. Qb8+ Kg7 42. Qc7 g5 43. Rf1 Qd5 44. Qe5+ Qxe5 45. Bxe5+ Kg6 46. Rf6+ Kh5 47. Rf2 Rd1+ 48. Rf1 Rxf1+ 49. Kxf1 Kg4 50. Kf2 Kf5 51. Bd6 Ke4 52. Be7 Kd3 53. a3 Kc2 54. Ke3 Kxb2 55. Kd2 a5 56. Bd8 b4 57. cxb4 c3+ 58. Kd3 c2 59. Bxg5 a4 60. b5 c1Q 61. Bxc1+ Kxc1 62. b6 Bc8 63. Kc3 f5 0-1

[Event "HUN-chT 1011"]
[Site "Hungary"]
[Date "2011.01.30"]
[Round "5"]
[White "Szieberth, Adam"]
[Black "Emodi, Barnabas"]
[Result "1/2-1/2"]
[WhiteElo "2320"]
[BlackElo "2369"]
[PlyCount "61"]
[EventDate "2010.10.10"]
[EventType "team-tourn"]
[EventRounds "11"]
[EventCountry "HUN"]
[SourceTitle "EXT 2012"]
[Source "ChessBase"]
[SourceDate "2011.11.24"]
[SourceVersion "1"]
[SourceVersionDate "2011.11.24"]
[SourceQuality "1"]
[WhiteTeam "MLTC"]
[BlackTeam "Penzugyor"]
[WhiteTeamCountry "HUN"]
[BlackTeamCountry "HUN"]

1. e4 c6 2. d4 d5 3. exd5 cxd5 4. c4 Nf6 5. Nc3 e6 6. c5 Be7 7. Nf3 0-0 8. Bd3 b6 9. cxb6 axb6 10. 0-0 Ba6 11. Ne5 Bxd3 12. Qxd3 Nfd7 13. Bf4 Nxe5 14. Bxe5 Nc6 15. Bf4 Bf6 16. Nb5 Qd7 17. Rfc1 e5 18. dxe5 Nxe5 19. Bxe5 Bxe5 20. Rc2 Rfc8 21. Rxc8+ Rxc8 22. Nc3 Bxc3 23. bxc3 Qc6 24. Rd1 g6 25. Qxd5 Qxd5 26. Rxd5 Rxc3 27. g3 Rc2 28. a4 Rc4 29. a5 bxa5 30. Rxa5 Kg7 31. Kg2 1/2-1/2